000
00305nam a22001457a 4500
008
221209b ||||| |||| 00| 0 eng d
020
_a
978495553953
041
_a
eng
080
_a
51
082
_a
51STE
100
_a
22.2
101
_a
MATE
245
_a
COLLEGE ALGEBRA
_c
STEWART
942
_2
udc
_c
BK
999
_c
59150
_d
59150